00684nam a2200229 a 4500001001300000003000900013005001700022008004100039020002300080082001500103100001700118245005500135260004500190300000900235500003500244505001000279650002000289902000800309942000700317952011500324999001500439nice12345678IN_TiNIC20260116012226.0050617s1978 dela grp 000 0 eng  a0706905253 c25000a954.6bRAZ aRaza, Moonis aThe Valley of KashmirbGeographical Interpretation aDelhi bVikas Pub House Pvt. Ltd. c1978 a148p aincludes index and biblioraphy2 aIndex aGeography-India bSRS cBK 001040708StackRoom-aHMIbHMId2007-05-30g250.00l0o954.6 RAZp09068r2007-05-30v250.00w2005-06-17yBK c6156d6156